Central Library OPAC University of Rajshahi
Normal view MARC view

Entry Topical Term

Number of records used in: 1

001 - CONTROL NUMBER

  • control field: 7282

003 - CONTROL NUMBER IDENTIFIER

  • control field: BD-RjUL

005 - DATE AND TIME OF LATEST TRANSACTION

  • control field: 20230405112843.0

008 - FIXED-LENGTH DATA ELEMENTS

  • fixed length control field: 230405|| aca||aabn | a|a d

040 ## - CATALOGING SOURCE

  • Original cataloging agency: BD-RjUL
  • Transcribing agency: BD-RjUL

150 ## - HEADING--TOPICAL TERM

  • Topical term or geographic name entry element: উর্দু সাহিত্যে
  • Form subdivision: ইতিহাস ও সমালোচনা

670 ## - SOURCE DATA FOUND

  • Source citation: Work cat.: (BD-RjUL)81327: খাতুন, মোসা. জোসনা 7281, উর্দু সাহিত্যে অমুসলিমদের অবদান /, ২০২১